000 00454nam a2200205Ia 4500
008 210210b xxu||||| |||| 00| 0 eng d
041 _aeng
082 _a821/335
100 _aKEATS (John)
245 _aJohn keats 1795-1821: agustan book series
260 _a
_b-
_c
650 _aseries
650 _akeats
650 _aJohn
650 _abook
650 _aagustan
650 _a1795-1821:
690 _aEnglish Literature
906 _a011504
999 _c130181
_d130181